Internet Security Protocols Protecting IP Traffic (Record no. 147686)

MARC details
000 -LEADER
fixed length control field 00296nam a2200109Ia 4500
008 - FIXED-LENGTH DATA ELEMENTS--GENERAL INFORMATION
fixed length control field 230302s9999 xx 000 0 und d
082 ## - DEWEY DECIMAL CLASSIFICATION NUMBER
Classification number 004.678BLA
100 ## - MAIN ENTRY--PERSONAL NAME
Personal name BLANK (Uyless)
245 ## - TITLE STATEMENT
Title Internet Security Protocols Protecting IP Traffic
260 ## - PUBLICATION, DISTRIBUTION, ETC.
Place of publication, distribution, etc. NEW YORK
Name of publisher, distributor, etc. PEACHPIT PRESS
365 ## - TRADE PRICE
Currency code RS
Holdings
Withdrawn status Lost status Damaged status Not for loan Home library Current library Date acquired Cost, normal purchase price Total Checkouts Full call number Barcode Date last seen Price effective from Koha item type
        College of Engineering, New Delhi College of Engineering, New Delhi 03/03/2023 295.00   004.678BLA ECD-MB1986 03/03/2023 03/03/2023 Book